000 00601nam a2200193 a 4500
001 000025958
005 20200930024202.0
008 110224s1994 sp f 000 0 spa d
020 _a8420646563
040 _aDO-SdBNP
_bspa
_cBNPHU
082 _axxxx
_bC169b
100 1 _aCalvo Serraller, Francisco
_d1948-
_952836
245 1 0 _aBreve historia del Museo del Prado /
_cFrancisco Calvo Serraller.
260 _aMadrid :
_bAlianza,
_bGrupo Anaya,
_c1994.
300 _aviii, 63 p. :
_bláms ;
_c15 cm.
490 1 _aAlianza cien
_v56
500 _aLibro de bolsillo
830 0 _aAlianza cien ;
_v56
_912832
999 _c25450
_d25450